British Formula 1 World Champions - Statistics

General Stats
  • This quiz has been taken 4,522 times
  • The average score is 8 of 10
Answer Stats
Championship Year/s Driver % Correct
2008, 2014–2015, 2017–2020 Lewis Hamilton
100%
2009 Jenson Button
96%
1996 Damon Hill
93%
1962 and 1968 Graham Hill
93%
1992 Nigel Mansell
88%
1969, 1971 and 1973 Jackie Stewart
84%
1976 James Hunt
80%
1963 and 1965 Jim Clark
76%
1964 John Surtees
65%
1958 Mike Hawthorn
64%
No matching quizzes found
Score Distribution
Percent of People with Each Score
Percentile by Number Answered
Your Score History
You have not taken this quiz